Decent homes for all (Record no. 104266)
[ view plain ]
| 000 -LEADER | |
|---|---|
| fixed length control field | 01139cad a22002535a 4500 |
| 001 - CONTROL NUMBER | |
| control field | L129706 |
| 008 - FIXED-LENGTH DATA ELEMENTS--GENERAL INFORMATION | |
| fixed length control field | 050513e20041130xxk f 001 0 eng u |
| 020 ## - INTERNATIONAL STANDARD BOOK NUMBER | |
| International Standard Book Number | 0415274478 |
| 022 ## - INTERNATIONAL STANDARD SERIAL NUMBER | |
| International Standard Serial Number | 9780415274470 |
| -- | 9780203642566 |
| 035 ## - SYSTEM CONTROL NUMBER | |
| System control number | (Sirsi) u129706 |
| 041 0# - LANGUAGE CODE | |
| Language code of text/sound track or separate title | eng |
| 050 04 - LIBRARY OF CONGRESS CALL NUMBER | |
| Classification number | 711.1 $2 18 |
| 100 1# - MAIN ENTRY--PERSONAL NAME | |
| Personal name | Gallent, Nick |
| 245 00 - TITLE STATEMENT | |
| Title | Decent homes for all |
| Remainder of title | planning's evolving role in housing provision |
| 260 ## - PUBLICATION, DISTRIBUTION, ETC. | |
| Place of publication, distribution, etc. | London |
| Name of publisher, distributor, etc. | Routledge |
| Date of publication, distribution, etc. | 2005 |
| 300 ## - PHYSICAL DESCRIPTION | |
| Extent | xii, 300p. |
| Dimensions | 24cm |
| 350 ## - PRICE (NR) (BK AM CF MU VM SE) [OBSOLETE] | |
| Price | 26.99 |
| 505 ## - FORMATTED CONTENTS NOTE | |
| Formatted contents note | The co-evolution of housing and planning -- The (re)birth of private housing provision -- The shifting policy landscape -- Planning intervention: housing design, density and affordability -- Responding to strategic and local housing pressures -- The new market agenda in housing supply -- Delivering housing in sustainable communities -- Reframing planning: spatial strategies and community development |
| 521 2# - TARGET AUDIENCE NOTE | |
| Target audience note | Abstract |
| 651 #4 - SUBJECT ADDED ENTRY--GEOGRAPHIC NAME | |
| Geographic name | United Kingdom |
| Chronological subdivision | |
| 690 ## - LOCAL SUBJECT ADDED ENTRY--TOPICAL TERM (OCLC, RLIN) | |
| Topical term or geographic name as entry element | ENVIRONMENTAL AND LAND CONSULTANCY-PLANNING AND DEVELOPMENT-DEVELOPMENT CONTROL-PLANNING APPLICATIONS |
| 700 1# - ADDED ENTRY--PERSONAL NAME | |
| Personal name | Tewdwr-Jones, Mark |
| 942 ## - ADDED ENTRY ELEMENTS (KOHA) | |
| Suppress in OPAC | 0 |
| Withdrawn status | Lost status | Source of classification or shelving scheme | Damaged status | Not for loan | Home library | Current library | Shelving location | Date acquired | Cost, normal purchase price | Total Checkouts | Full call number | Barcode | Date last seen | Date last checked out | Copy number | Cost, replacement price | Price effective from | Koha item type |
|---|---|---|---|---|---|---|---|---|---|---|---|---|---|---|---|---|---|---|
| Dewey Decimal Classification | London | London | Books | 18/12/2006 | 23.79 | 2 | 711.1 GAL | 30073495 | 06/08/2019 | 03/11/2008 | 1 | 23.79 | 06/08/2019 | Book |